Community and power / (Record no. 34599)
[ view plain ]
| 000 -LEADER | |
|---|---|
| fixed length control field | 00747cam a2200265 a 4500 |
| 001 - CONTROL NUMBER | |
| control field | 34599 |
| 003 - CONTROL NUMBER IDENTIFIER | |
| rucl marc code | BD-RjUL |
| 005 - DATE AND TIME OF LATEST TRANSACTION | |
| control field | 20211209052202.0 |
| 008 - FIXED-LENGTH DATA ELEMENTS--GENERAL INFORMATION | |
| fixed length control field | 140518s1962 n 001 0 eng d |
| 035 ## - SYSTEM CONTROL NUMBER | |
| System control number | oxf98200606 |
| -- | (BD-RjUL) 34693 |
| 040 ## - CATALOGING SOURCE | |
| Original cataloging agency | WSU |
| Modifying agency | OCL |
| -- | BD-RjUL |
| Language of cataloging | eng |
| Transcribing agency | BD-RjUL |
| 041 ## - LANGUAGE CODE | |
| Language code of text/sound track or separate title | eng |
| 082 ## - DEWEY DECIMAL CLASSIFICATION NUMBER | |
| Classification number | 302.15 |
| Author mark and year | NIC 1953 |
| 100 1# - MAIN ENTRY--PERSONAL NAME | |
| Personal name | Nisbet, Robert A. |
| 9 (RLIN) | 96448 |
| 245 10 - TITLE STATEMENT | |
| Title | Community and power / |
| Statement of responsibility, etc. | Nisbet, Robert A. |
| 260 ## - PUBLICATION, DISTRIBUTION, ETC. (IMPRINT) | |
| Place of publication, distribution, etc. | New York : |
| Name of publisher, distributor, etc. | Oxford University Press, |
| Date of publication, distribution, etc. | c1962. |
| 300 ## - PHYSICAL DESCRIPTION | |
| Pagination | xxi, 302 p. ; |
| Size | 19 cm. |
| 490 1# - SERIES STATEMENT | |
| Series statement | Galaxy book ; |
| Volume/sequential designation | GB 91 |
| 504 ## - BIBLIOGRAPHY, ETC. NOTE | |
| Bibliography, etc | Includes index. |
| 650 #0 - SUBJECT ADDED ENTRY--TOPICAL TERM | |
| Topical term or geographic name as entry element | Ethics |
| 9 (RLIN) | 105256 |
| Topical term or geographic name as entry element | Social ethics |
| 9 (RLIN) | 5055 |
| 830 #0 - SERIES ADDED ENTRY--UNIFORM TITLE | |
| Volume number/sequential designation | GB 91 |
| Uniform title | Galaxy book ; |
| 942 ## - ADDED ENTRY ELEMENTS (KOHA) | |
| Source of classification or shelving scheme | Dewey Decimal Classification |
| Koha item type | Books |
| Lost status | Source of classification or shelving scheme | Damaged status | Not for loan | Collection code | Permanent Location | Current Location | Shelving location | Date acquired | Source of acquisition | Cost, normal purchase price | Total Checkouts | Full call number | Date last seen | Copy number | Koha item type |
|---|---|---|---|---|---|---|---|---|---|---|---|---|---|---|---|
| Dewey Decimal Classification | Not For Loan | Non-fiction | Central Library, University of Rajshahi | Central Library, University of Rajshahi | Reading Room | 26/09/1970 | Sweets & Zeitlinger | 0.00 | 302.15 NIC 1962 | 18/05/2014 | C-1 | Books |